Loading...
| Literature - British | 0 | 6 | 0 | 1 | 60 | 57 | 79.17 | 0 | 2 | 13.66 | 21.67 |
| Science - Biology | 0 | 4 | 2 | 0 | 30 | 49 | 67.25 | 0 | 2 | 15.25 | 19.11 |
| Science - Chemistry | 0 | 3 | 0 | 3 | 30 | 92 | 98.00 | 0 | 0 | 1.40 | 7.50 |
| Literature - European | 0 | 2 | 0 | 0 | 20 | 65 | 80.50 | 0 | 1 | 6.26 | 15.00 |
| Religion | 0 | 2 | 0 | 0 | 20 | 28 | 52.50 | 0 | 2 | 11.05 | 13.75 |
| Fine Arts - Classical Music | 0 | 1 | 0 | 1 | 10 | 128 | 128.00 | 0 | 0 | 0.00 | 1.25 |
| History - European | 0 | 1 | 0 | 1 | 10 | 109 | 109.00 | 0 | 0 | 0.09 | 1.32 |
| Literature - American | 0 | 1 | 0 | 0 | 10 | 60 | 60.00 | 0 | 1 | 9.29 | 15.00 |
| Philosophy | 0 | 1 | 0 | 0 | 10 | 34 | 34.00 | 0 | 1 | 8.29 | 7.81 |
| Mythology | 0 | 1 | 1 | 0 | 5 | 36 | 36.00 | 0 | 1 | 6.70 | 7.50 |
| Literature - World | 0 | 1 | 2 | 0 | 0 | 90 | 90.00 | 0 | 0 | 1.74 | 3.75 |
| History - World | 0 | 0 | 1 | 0 | -5 | 0.00 | 0 | 0 | 0.00 | 0.00 |